| 000 | 00618nam a22001937a 4500 | ||
|---|---|---|---|
| 005 | 20251108165410.0 | ||
| 008 | 250721s1997 xx 000 0 ara d | ||
| 082 | 1 | 4 | _a646.2/مرك |
| 245 | 1 | 0 | _aمشاريع خياطة بسيطة و سريعة من سنجر / |
| 264 | 1 |
_aبيروت : _bالدار العربية للعلوم، _c1997. |
|
| 300 | _a95ص | ||
| 490 | 0 | _aدليل سنجر للخياطة | |
| 650 | 1 | 7 | _aالخياطة |
| 650 | 1 | 7 | _aعمليات الخياطة |
| 650 | 1 | 7 | _aالتفصيل |
| 710 | 2 |
_aمركز التعريب و البرمجة _eترجمة |
|
| 942 |
_2ddc _cBK |
||
| 999 |
_c26988 _d26988 |
||